Fundamentals of Instrumentation and Measurement/ (Record no. 606804)

000 -LEADER
fixed length control field 00367nam a22001457a 4500
040 ## - CATALOGING SOURCE
Transcribing agency NUST
082 ## - DEWEY DECIMAL CLASSIFICATION NUMBER
Classification number 621
Author Mark THO
100 ## - MAIN ENTRY--PERSONAL NAME
Personal name Beckwith, Thomas G.
245 ## - TITLE STATEMENT
Title Fundamentals of Instrumentation and Measurement/
Statement of responsibility, etc. Thomas G. Beckwith
250 ## - EDITION STATEMENT
Edition statement 6th Edition
260 ## - PUBLICATION, DISTRIBUTION, ETC.
Place of publication, distribution, etc. France:
Name of publisher, distributor, etc. Hermès Science;
Date of publication, distribution, etc. 2000.
300 ## - PHYSICAL DESCRIPTION
Extent 532p.
521 ## - TARGET AUDIENCE NOTE
Source HB
942 ## - ADDED ENTRY ELEMENTS (KOHA)
Source of classification or shelving scheme
Koha item type Book
Holdings
Withdrawn status Lost status Source of classification or shelving scheme Damaged status Not for loan Permanent Location Current Location Shelving location Date acquired Total Checkouts Full call number Barcode Date last seen Price effective from Koha item type
          School of Mechanical & Manufacturing Engineering (SMME) School of Mechanical & Manufacturing Engineering (SMME) Aerospace Engineering 11/22/2023   621 THO SMME-4411 11/22/2023 11/22/2023 Book
          School of Mechanical & Manufacturing Engineering (SMME) School of Mechanical & Manufacturing Engineering (SMME) Aerospace Engineering 11/22/2023   621 THO SMME-4412 11/22/2023 11/22/2023 Book
          School of Mechanical & Manufacturing Engineering (SMME) School of Mechanical & Manufacturing Engineering (SMME) Aerospace Engineering 11/22/2023   621 THO SMME-4413 11/22/2023 11/22/2023 Book
© 2023 Central Library, National University of Sciences and Technology. All Rights Reserved.